Minimization on submodular flows

Salvato in:
Dettagli Bibliografici
Autore principale: Zimmermann, U.
Natura: Libro
Lingua:inglese
Pubblicazione: Köln Universität 1981
Serie:Report 81-15
Tags: Aggiungi Tag
Nessun Tag, puoi essere il primo ad aggiungerne!!

MARC

LEADER 00000nam a2200000 4500
001 c126538
005 20240404070538.6
041 0 |a eng 
044 |a DE 
245 1 0 |a Minimization on submodular flows  |c U. Zimmermann 
264 1 |a Köln  |b Universität  |c 1981 
300 |a 32 s. 
490 1 |a Report  |v 81-15 
830 0 |a Report  |v 81-15 
100 1 |a Zimmermann, U.